MARC details
| 000 -CABECERA |
| campo de control de longitud fija |
01809nam a2200349 a 4500 |
| 001 - NÚMERO DE CONTROL |
| campo de control |
000001965 |
| 003 - IDENTIFICADOR DEL NÚMERO DE CONTROL |
| campo de control |
DO-SdBNP |
| 005 - FECHA Y HORA DE LA ÚLTIMA TRANSACCIÓN |
| campo de control |
20260319120903.0 |
| 008 - DATOS DE LONGITUD FIJA--INFORMACIÓN GENERAL |
| campo de control de longitud fija |
090630s2000 dr 000 0 spa d |
| 020 ## - NÚMERO INTERNACIONAL ESTÁNDAR DEL LIBRO |
| Número Internacional Estándar del Libro |
9993424013 |
| 040 ## - FUENTE DE LA CATALOGACIÓN |
| Centro catalogador/agencia de origen |
DO-SdBNP |
| Lengua de catalogación |
spa |
| Centro/agencia transcriptor |
BNPHU |
| 082 ## - NÚMERO DE LA CLASIFICACIÓN DECIMAL DEWEY |
| Número de clasificación |
323.6 |
| Número de documento/Ítem |
P221n |
| 245 00 - MENCIÓN DE TÍTULO |
| Título |
Para una nueva ciudadania en América Latina : |
| Resto del título |
aportes desde la educación en derechos humanos / |
| Mención de responsabilidad, etc. |
edición Raymundo González. |
| 260 ## - PUBLICACIÓN, DISTRIBUCIÓN, ETC. |
| Lugar de publicación, distribución, etc. |
Santo Domingo : |
| Nombre del editor, distribuidor, etc. |
Centro Cultural Poveda, |
| Fecha de publicación, distribución, etc. |
2000. |
| 300 ## - DESCRIPCIÓN FÍSICA |
| Extensión |
222 p. ; |
| Dimensiones |
21 cm. |
| 500 ## - NOTA GENERAL |
| Nota general |
Ponencias presentadas en el II Seminario Internacional "Globalización, identidades culturales y reformas educativas : retos para la educación en derechos humanos", organizado por el Centro Poveda, Novamérica y Yachay Tinkuy, 30-31 de marzo de 2000, Santo Domingo, República Dominicana. |
| 500 ## - NOTA GENERAL |
| Nota general |
Edición financiada por la Fundación W. K. Kellog |
| 504 ## - NOTA DE BIBLIOGRAFÍA, ETC. |
| Nota de bibliografía, etc. |
Incluye referencias bibliográficas y notas al pie de las páginas |
| 505 2# - NOTA DE CONTENIDO CON FORMATO |
| Nota de contenido con formato |
Globalización y derechos humanos -- Educación ciudadana y derechos humanos -- Identidades culturales y movimientos sociales -- Experiencias. |
| 590 ## - NOTA LOCAL (RLIN) |
| Nota local |
Inventariado, 2018/BT |
| 650 #4 - PUNTO DE ACCESO ADICIONAL DE MATERIA--TÉRMINO DE MATERIA |
| Término de materia o nombre geográfico como elemento de entrada |
Educacion para los derechos humanos |
| Subdivisión de forma |
Congresos, conferencias, etc. |
| 9 (RLIN) |
6368 |
| 650 #4 - PUNTO DE ACCESO ADICIONAL DE MATERIA--TÉRMINO DE MATERIA |
| Término de materia o nombre geográfico como elemento de entrada |
Derechos humanos |
| Subdivisión geográfica |
America Latina |
| Subdivisión de forma |
Congresos, conferencias, etc. |
| 9 (RLIN) |
6369 |
| 650 #0 - PUNTO DE ACCESO ADICIONAL DE MATERIA--TÉRMINO DE MATERIA |
| Término de materia o nombre geográfico como elemento de entrada |
Derechos políticos |
| Subdivisión geográfica |
América Latina |
| Subdivisión de forma |
Congresos, conferencias, etc. |
| 9 (RLIN) |
48437 |
| 650 #4 - PUNTO DE ACCESO ADICIONAL DE MATERIA--TÉRMINO DE MATERIA |
| Término de materia o nombre geográfico como elemento de entrada |
Educacion |
| Subdivisión geográfica |
América Latina |
| Subdivisión de forma |
Congresos, conferencias, etc. |
| 9 (RLIN) |
6371 |
| 650 #0 - PUNTO DE ACCESO ADICIONAL DE MATERIA--TÉRMINO DE MATERIA |
| Término de materia o nombre geográfico como elemento de entrada |
Ciudadanía |
| 9 (RLIN) |
6372 |
| 700 ## - PUNTO DE ACCESO ADICIONAL--NOMBRE DE PERSONA |
| Nombre de persona |
González, Raymundo |
| Término indicativo de función/relación |
ed. |
| 9 (RLIN) |
6373 |
| 710 22 - PUNTO DE ACCESO ADICIONAL--NOMBRE DE ENTIDAD CORPORATIVA |
| Nombre de entidad corporativa o nombre de jurisdicción como elemento de entrada |
Centro Cultural Poveda. |
| 9 (RLIN) |
6374 |
| 710 22 - PUNTO DE ACCESO ADICIONAL--NOMBRE DE ENTIDAD CORPORATIVA |
| Nombre de entidad corporativa o nombre de jurisdicción como elemento de entrada |
Projeto Novaméica (Brazil). |
| 9 (RLIN) |
6375 |
| 710 22 - PUNTO DE ACCESO ADICIONAL--NOMBRE DE ENTIDAD CORPORATIVA |
| Nombre de entidad corporativa o nombre de jurisdicción como elemento de entrada |
Yachay Tinkuy |
| 9 (RLIN) |
6376 |
| 910 ## - DATOS DE OPCIÓN DEL USUARIO (OCLC) |
| Datos de opción del usuario |
Validado. Control de calidad. MMOLINA |
| 942 ## - ELEMENTOS DE PUNTO DE ACCESO ADICIONAL (KOHA) |
| Fuente del sistema de clasificación o colocación |
Dewey Decimal Classification |
| Tipo de ítem Koha |
Libro |